000 00309nam a2200133 i 4500
001 bg
100 1 _aVOLOSATOV, N. A.
245 0 _aUltrazvukovaja obrabotka /
_cN.A. Volosatov.
260 _aLeningrad,
_c1973.
040 _cBPK
041 _apol
942 _cKS
008 s pl f |000 0 pol
999 _c25809
_d25809
856 _uhttp://koha.tu.koszalin.pl/cgi-bin/koha/opac-detail.pl?biblionumber=25809
_yKatalog online BPK